Responses for Show #5635 - Friday, February 20, 2009

Contestants

[<< previous game]

Gavin Dluehosh, a pastor from Valley Springs, California

Jessie Hopper, a stay-at-home mom from Oklahoma City, Oklahoma

Jeanie Welch, a retired librarian from Charlotte, North Carolina (whose 1-day cash winnings total $16,601)

[next game >>]

Jeopardy! Round responses

BUTCH CASSIDY
THE HUSTLER
ROAD TO PERDITION
HUD
THE "-STING"
PAUL NEWMAN
    $200 26
the Sundance Kid

Jeanie
    $200 6
Pete Rose

Gavin
    $200 11
good intentions

Jessie
    $200 16
Johnson

Gavin
    $200 21
frosting

Jeanie
    $200 1
Joanne Woodward

Gavin
    $400 27
Colorado

Gavin
    $400 7
bustle

Gavin
    $400 12
Jonah

Jeanie
    $400 17
an eagle

Jessie
    $400 22
dusting

Jeanie
    $400 2
Newman's Own

Jessie
    $600 28
The Wild Bunch

Gavin
    $600 8
(Jeanie: What are aircraft carriers?)

helicopters

Jeanie
Triple Stumper
    $600 13
a woman scorned

Jeanie
    $600 18
(Alex: Yes, very much in the news this past year.)

Fannie Mae & Freddie Mac

Jeanie
    $600 23
testing

Jessie
    $600 3
(Jessie: Who is J. Edgar Hoover?)

Richard Nixon

JeanieJessie
    $800 29
the Pinkertons

Jessie
    $800 9
(Alex: You're obviously not 4-H Club members. Heart and [*]. [*].)

Health

Triple Stumper
    $800 14
Man and Superman

Jeanie
    $400 19
Jack Kemp

Jeanie
    $800 24
casting

Jessie
    $800 4
Nobody's Fool

Gavin
    $1000 30
Bolivia

Gavin
    $1000 10
Larry Flynt

Jeanie
    $1000 15
To Hell and Back

Jeanie
    $1000 20
Expressionism

Triple Stumper
    $1000 25
jousting

Jessie
    $1000 5
Somebody Up There Likes Me

Jessie

Scores at the first commercial break (after clue 15):

Jeanie Jessie Gavin
$3,800 $1,000 $1,600

Scores at the end of the Jeopardy! Round:

Jeanie Jessie Gavin
$5,600 $4,600 $3,800

Double Jeopardy! Round responses

DUTCH ROYALTY
HOME BOYS
(Alex: We'll give you the nicknames of the home boys. You identify the state.)
BODDITIES
CHEESE
ENGINEERING
BEFORE & AFTER
    $400 4
Ottawa

Gavin
    $400 1
Florida

Jessie
    $400 15
the appendix

Jessie
    $400 7
smell (or odor)

Gavin
    $400 23
(Jessie: What is steel?)

iron

JeanieJessie
    $400 18
Steve Martin Van Buren

Gavin
    $800 12
Amsterdam

Jeanie
    $800 2
New York

Gavin
    $800 16
nipples

Jeanie
    $800 8
fat

Gavin
    $800 24
the U.S. Army Corps of Engineers

Gavin
    $800 19
Boy George Foreman

Gavin
    $1200 13
Queen Beatrix

Jeanie
    $1200 3
(Gavin: What is Mississippi?)

Louisiana

JeanieGavin
    $2,200 21
wisdom teeth

Jessie
    $1200 9
sharp

Gavin
    $1200 28
the Alaska Pipeline

Jessie
    $1200 20
(Jeanie: Who is Jumping Jack Gordon--)
(Alex: No.)
(Jeanie: --Flash?)

Jumping Jack Flash Gordon

JeanieJessie
    $1600 14
Luxembourg

Jessie
    $1600 5
South Carolina

Jessie
    $1600 22
goosebumps

Jeanie
    $1600 10
cheese curds

Gavin
    $1600 29
Ataturk

Jeanie
    $3,000 26
Yabba-Dabba-Doo-wop

Gavin
    $2000 17
Queen Juliana

Jeanie
    $2000 6
Alabama

Gavin
    $2000 25
the coccyx

Gavin
    $2000 11
amino acid

Jeanie
    $2000 30
a caisson

Jeanie
    $2000 27
"Total Eclipse of the Heart of Darkness"

Jessie

Scores at the end of the Double Jeopardy! Round:

Jeanie Jessie Gavin
$18,000 $14,800 $16,800

[wagering suggestions for these scores]

Final Jeopardy! Round responses

ANCIENT WORKS
(Alex: What important event occurred around 1100 B.C.?)
...
(Alex: [Revealing Jeanie's response] You and Jessie were very close, but it was the archery contest featuring Odysseus, and that occurred later in [*] after he came home. Remember the archery contest to see who would get to wed Penelope, his wife?)
JessieWhat is the Iliad?
$11,200
GavinWhat is the Epic of Gilgamesh?
$13,801
JeanieWhat is the Iliad?
$9,000
The Odyssey

Final scores:

Jeanie Jessie Gavin
$9,000 $3,600 $2,999
2-day champion: $25,601 2nd place: $2,000 3rd place: $1,000

Game dynamics:

Coryat scores:

Jeanie Jessie Gavin
$18,400 $13,800 $15,400
21 R
(including 1 DD),
2 W
16 R
(including 1 DD),
2 W
20 R
(including 1 DD),
1 W

Combined Coryat: $47,600

[game clues] [game scores] [suggest correction]

Game tape date: 2008-12-03
The J! Archive is created by fans, for fans. Scraping, republication, monetization, and malicious use prohibited; this site may use cookies and collect identifying information. See terms. The Jeopardy! game show and all elements thereof, including but not limited to copyright and trademark thereto, are the property of Jeopardy Productions, Inc. and are protected under law. This website is not affiliated with, sponsored by, or operated by Jeopardy Productions, Inc. Join the discussion at JBoard.tv.